[Event "Olympiad Women-44"]
[Site "Chennai"]
[Date "2022.08.09"]
[Round "11.3"]
[White "Richards, Heather"]
[Black "Ratsma, Rosa"]
[Result "0-1"]
[WhiteElo "2146"]
[BlackElo "2226"]
[PlyCount "100"]
[EventDate "2022.07.29"]
[EventType "team-swiss"]
[EventRounds "11"]
[EventCountry "IND"]
[SourceTitle "CBM 210"]
[Source "ChessBase"]
[SourceDate "2022.10.31"]
[SourceVersion "1"]
[SourceVersionDate "2022.10.31"]
[SourceQuality "1"]
[WhiteTeam "Australia (W)"]
[BlackTeam "Netherlands (W)"]
[WhiteTeamCountry "AUS"]
[BlackTeamCountry "NED"]

1. d4 Nf6 2. Nc3 d5 3. Bf4 c5 4. e4 Nxe4 5. Nxe4 dxe4 6. dxc5 Qxd1+ 7. Rxd1 Bd7 8. Bc4 e6 9. Be3 Nc6 10. a3 Be7 11. b4 a5 12. Bb5 Bf6 13. Ne2 axb4 14. axb4 Ke7 15. 0-0 Rhd8 16. Bxc6 Bxc6 17. c4 Ba4 18. Rc1 Bb2 19. Rb1 Be5 20. Rfc1 Be8 21. b5 h6 22. g4 f5 23. c6 bxc6 24. b6 g5 25. gxf5 exf5 26. b7 Ra6 27. Bb6 Rb8 28. Rd1 Bh5 29. Bc5+ Ke8 30. Rd2 Bf3 31. Ng3 f4 32. Nxe4 Rxb7 33. Re1 Kf7 34. Bd4 Bxe4 35. Bxe5 Bf3 36. Rd3 Bg4 37. Rd6 Re7 38. Rxh6 Rxe5 39. Rb1 Re7 40. Rh7+ Kf6 41. Rh6+ Kg7 42. Rd6 Bf3 43. h4 Rea7 44. Re1 Ra1 45. Rde6 Rxe1+ 46. Rxe1 Kg6 47. Kf1 Rh7 48. Re8 Rd7 49. Re1 gxh4 50. Kg1 Rd1 0-1

[Event "Olympiad Women-44"]
[Site "Chennai"]
[Date "2022.08.08"]
[Round "10.3"]
[White "Ratsma, Rosa"]
[Black "Gomes, Mary Ann"]
[Result "0-1"]
[WhiteElo "2226"]
[BlackElo "2324"]
[PlyCount "86"]
[EventDate "2022.07.29"]
[EventType "team-swiss"]
[EventRounds "11"]
[EventCountry "IND"]
[SourceTitle "CBM 210"]
[Source "ChessBase"]
[SourceDate "2022.10.31"]
[SourceVersion "1"]
[SourceVersionDate "2022.10.31"]
[SourceQuality "1"]
[WhiteTeam "Netherlands (W)"]
[BlackTeam "India (W) II"]
[WhiteTeamCountry "NED"]
[BlackTeamCountry "IND"]

1. e4 c5 2. Nf3 e6 3. d4 cxd4 4. Nxd4 a6 5. Bd3 Qc7 6. 0-0 Nf6 7. Qe2 d6 8. f4 Nbd7 9. c4 Be7 10. Nc3 0-0 11. Kh1 b6 12. b4 Bb7 13. Bb2 Rfe8 14. Rac1 Rac8 15. a3 Qb8 16. g4 Nf8 17. g5 N6d7 18. h4 f6 19. Qf2 Qa8 20. Kg1 Bd8 21. Rce1 b5 22. cxb5 e5 23. fxe5 dxe5 24. Nf5 Bb6 25. Ne3 axb5 26. Kh2 Bc6 27. gxf6 Nxf6 28. Qg2 Kh8 29. Nf5 Ng6 30. Nd6 Rc7 31. Nxe8 Qxe8 32. Nd5 Bxd5 33. exd5 Qd7 34. Bxg6 hxg6 35. d6 Rc4 36. Rf3 Rxh4+ 37. Rh3 Ng4+ 38. Kg3 Bf2+ 39. Kf3 Qf5+ 40. Ke2 Bxe1 41. Rxh4+ Bxh4 42. Qh3 Qc2+ 43. Kf3 Nh2+ 0-1

[Event "Utrecht OKU Masters 47th"]
[Site "Utrecht"]
[Date "2022.05.28"]
[Round "6"]
[White "Ratsma, Rosa"]
[Black "Margarido, Jose Miguel Teixeir"]
[Result "1-0"]
[WhiteElo "2234"]
[BlackElo "2127"]
[PlyCount "73"]
[EventDate "2022.02.13"]
[EventType "tourn"]
[EventRounds "9"]
[EventCountry "NED"]
[SourceTitle "EXT 2023"]
[Source "ChessBase"]
[SourceDate "2022.10.05"]
[SourceVersion "1"]
[SourceVersionDate "2022.10.05"]
[SourceQuality "1"]

1. e4 c5 2. Nf3 Nc6 3. d4 cxd4 4. Nxd4 e5 5. Nb5 d6 6. c4 Be6 7. N5c3 Nf6 8. Bd3 g6 9. Nd5 Bg7 10. Nbc3 a6 11. 0-0 Nd7 12. b4 0-0 13. Rb1 Rc8 14. a4 a5 15. Nb5 Ndb8 16. bxa5 Na6 17. Be2 Nxa5 18. Nxd6 Rc6 19. Nxb7 Nxb7 20. Rxb7 Kh8 21. Ba3 Re8 22. Rb5 Bf8 23. Bxf8 Rxf8 24. Qa1 Qd6 25. Rd1 Bxd5 26. Rbxd5 Qb4 27. Rxe5 Kg8 28. Rb5 Qe7 29. e5 Nc5 30. Bf3 Rc7 31. g3 h5 32. h4 Rd8 33. Rxd8+ Qxd8 34. Bd5 Rc8 35. a5 Qd7 36. a6 Qf5 37. Rxc5 1-0

[Event "Utrecht OKU Masters 47th"]
[Site "Utrecht"]
[Date "2022.05.27"]
[Round "4"]
[White "Ratsma, Rosa"]
[Black "Dorokhin, Mykhailo"]
[Result "0-1"]
[WhiteElo "2234"]
[BlackElo "2357"]
[PlyCount "60"]
[EventDate "2022.02.13"]
[EventType "tourn"]
[EventRounds "9"]
[EventCountry "NED"]
[SourceTitle "EXT 2023"]
[Source "ChessBase"]
[SourceDate "2022.10.05"]
[SourceVersion "1"]
[SourceVersionDate "2022.10.05"]
[SourceQuality "1"]

1. e4 d5 2. exd5 Qxd5 3. Nc3 Qd6 4. d4 Nf6 5. Nf3 c6 6. Ne5 Nbd7 7. Nc4 Qc7 8. Qf3 Nb6 9. Ne5 Be6 10. Bf4 Qc8 11. a4 Nbd5 12. Nxd5 Bxd5 13. Qd3 g6 14. c4 Be4 15. Qd2 Bg7 16. f3 Bf5 17. g4 Be6 18. d5 cxd5 19. cxd5 Nxd5 20. Bb5+ Kf8 21. Bh6 Qc5 22. Rc1 Qb4 23. Qxb4 Nxb4 24. Bf4 h5 25. h3 a6 26. Be2 Rd8 27. Kf2 Rd5 28. Bc4 Bxe5 29. Bxd5 Bxf4 30. Bxe6 Bxc1 0-1

[Event "EU-chT (Women) 23rd"]
[Site "Terme Catez"]
[Date "2021.11.14"]
[Round "3.8"]
[White "Ratsma, Rosa"]
[Black "Pavlidou, Ekaterini"]
[Result "0-1"]
[WhiteElo "2272"]
[BlackElo "2172"]
[PlyCount "70"]
[EventDate "2021.11.12"]
[EventType "team-swiss"]
[EventRounds "9"]
[EventCountry "SLO"]
[SourceTitle "CBM 205"]
[Source "ChessBase"]
[SourceDate "2021.12.31"]
[SourceVersion "1"]
[SourceVersionDate "2021.12.31"]
[SourceQuality "1"]
[WhiteTeam "Netherlands (W)"]
[BlackTeam "Greece (W)"]
[WhiteTeamCountry "NED"]
[BlackTeamCountry "GRE"]

1. e4 e5 2. Nf3 Nc6 3. Bc4 Bc5 4. c3 Nf6 5. d4 exd4 6. e5 d5 7. Bb5 Ne4 8. cxd4 Bb4+ 9. Bd2 Bxd2+ 10. Nbxd2 0-0 11. Rc1 Ne7 12. Qc2 Nxd2 13. Nxd2 Nf5 14. Qc3 Qh4 15. Nf3 Qe4+ 16. Kd1 Nh4 17. Nxh4 Qxh4 18. Qe3 Qg4+ 19. Kd2 c5 20. Rxc5 Qxg2 21. Rhc1 Be6 22. Qg3 Qe4 23. Qe3 Qg2 24. Rc7 f6 25. Re7 fxe5 26. Rxe6 Rxf2+ 27. Be2 e4 28. Re5 Raf8 29. Rc7 h6 30. Ree7 R8f3 31. Rxg7+ Qxg7 32. Rxg7+ Kxg7 33. Ke1 Rxe3 34. Kxf2 Rxe2+ 35. Kxe2 Kf6 0-1

[Event "NED-ch (Women)"]
[Site "Hoogeveen"]
[Date "2021.10.23"]
[Round "7"]
[White "Lanchava, Tea"]
[Black "Ratsma, Rosa"]
[Result "0-1"]
[WhiteElo "2214"]
[BlackElo "2297"]
[PlyCount "108"]
[EventDate "2021.10.17"]
[EventType "tourn"]
[EventRounds "7"]
[EventCountry "NED"]
[SourceTitle "CBM 204 Extra"]
[Source "ChessBase"]
[SourceDate "2021.11.30"]
[SourceVersion "1"]
[SourceVersionDate "2021.11.30"]
[SourceQuality "1"]

1. c4 e6 2. Nc3 Nf6 3. e4 c5 4. Nf3 Nc6 5. d3 d5 6. cxd5 exd5 7. Bg5 d4 8. Nd5 Qa5+ 9. Bd2 Qd8 10. Bg5 Be7 11. Nxe7 Qxe7 12. Qc1 b6 13. Be2 h6 14. Bh4 g5 15. Bg3 Nd7 16. 0-0 Nde5 17. Nxe5 Nxe5 18. f4 Ng6 19. f5 Ne5 20. f6 Qe6 21. Rf5 Nd7 22. Bg4 Nxf6 23. Re5 Nxg4 24. Rxe6+ Bxe6 25. h3 Ne3 26. Be5 0-0 27. Bf6 Kh7 28. Qd2 Rg8 29. b4 Rg6 30. Be5 Re8 31. Bg3 f5 32. bxc5 bxc5 33. Qa5 fxe4 34. Qxc5 exd3 35. Qxa7+ Rg7 36. Qxd4 Bf5 37. Qa4 Re4 38. Qa5 Bg6 39. Bf2 Nc2 40. Rd1 Re2 41. Qd8 Rf7 42. Bd4 Nxd4 43. Qxd4 Be4 44. a4 Rxg2+ 45. Kh1 Re2+ 46. Kg1 Kg8 47. a5 Ba8 48. Qg4 Bf3 49. Qg3 d2 50. Qb8+ Kh7 51. Qg3 h5 52. Rxd2 Rxd2 53. Qb8 Rg2+ 54. Kf1 Rb7 0-1

[Event "NED-ch (Women)"]
[Site "Hoogeveen"]
[Date "2021.10.22"]
[Round "6"]
[White "Ratsma, Rosa"]
[Black "Peng, Zhaoqin"]
[Result "0-1"]
[WhiteElo "2297"]
[BlackElo "2359"]
[PlyCount "86"]
[EventDate "2021.10.17"]
[EventType "tourn"]
[EventRounds "7"]
[EventCountry "NED"]
[SourceTitle "CBM 204 Extra"]
[Source "ChessBase"]
[SourceDate "2021.11.30"]
[SourceVersion "1"]
[SourceVersionDate "2021.11.30"]
[SourceQuality "1"]

1. e4 e6 2. d4 d5 3. Nc3 Bb4 4. exd5 exd5 5. Bd3 Nf6 6. a3 Bxc3+ 7. bxc3 Bg4 8. f3 Bh5 9. Ne2 Bg6 10. 0-0 0-0 11. Bg5 Nbd7 12. Nf4 Bxd3 13. Nxd3 h6 14. Bh4 Re8 15. Rb1 b6 16. f4 Qe7 17. Ne5 Qxa3 18. Qf3 Qd6 19. g4 Ne4 20. Be1 c5 21. h4 f6 22. Nd3 c4 23. Nf2 Nxf2 24. Bxf2 Re4 25. Bg3 f5 26. h5 Rae8 27. gxf5 Nf6 28. Bh4 Re3 29. Qg2 Nxh5 30. f6 Re2 31. f7+ Kxf7 32. Qf3 Qg6+ 33. Kh1 Qe4 34. Rb5 Qxf3+ 35. Rxf3 R8e3 36. Rxe3 Rxe3 37. Kg1 Nxf4 38. Kf2 Rxc3 39. Bg3 Nh5 40. Bb8 Rxc2+ 41. Kf3 Rc3+ 42. Kf2 Nf6 43. Bxa7 Ra3 0-1

[Event "World Corporate East D"]
[Site "Chess.com INT"]
[Date "2021.02.20"]
[Round "5.1"]
[White "Myshakov, Fyodor"]
[Black "Ratsma, Rosa"]
[Result "1/2-1/2"]
[WhiteElo "2292"]
[BlackElo "2306"]
[PlyCount "101"]
[EventDate "2021.02.19"]
[EventType "team (rapid)"]
[EventRounds "7"]
[EventCountry "USA"]
[SourceTitle "EXT 2022"]
[Source "ChessBase"]
[SourceDate "2021.10.06"]
[SourceVersion "1"]
[SourceVersionDate "2021.10.06"]
[SourceQuality "1"]
[WhiteTeam "Sberbank Trade Union"]
[BlackTeam "Dassault Systemes"]
[WhiteTeamCountry "RUS"]
[BlackTeamCountry "FRA"]

1. c4 Nf6 2. Nc3 e6 3. Nf3 d5 4. cxd5 exd5 5. d4 c6 6. Qc2 g6 7. Bg5 Be7 8. e3 Bf5 9. Bd3 Bxd3 10. Qxd3 Nbd7 11. h3 a5 12. Bh6 Bf8 13. Bxf8 Kxf8 14. 0-0 Kg7 15. Rac1 Re8 16. Na4 Ne4 17. Nd2 b5 18. Nc3 Nxd2 19. Qxd2 a4 20. a3 Nb6 21. Na2 Nc4 22. Qc2 Qg5 23. Nb4 Re6 24. Rce1 Rae8 25. Nd3 Qf5 26. Rc1 R6e7 27. Ne5 Qxc2 28. Rxc2 Rc7 29. Nd3 h5 30. Re1 f5 31. Rce2 Kf6 32. f4 g5 33. Ne5 g4 34. Kh2 Rh8 35. Rc1 Ke6 36. g3 Kf6 37. Rcc2 Ke6 38. Re1 Kf6 39. Rce2 Ke6 40. Rg1 Kf6 41. h4 Ke6 42. Rc1 Kf6 43. Kg2 Ke6 44. Kf2 Kf6 45. Nd3 Re8 46. Ne5 Rb8 47. Rc3 Rb6 48. Rec2 Rb8 49. Re2 Rb6 50. Nd3 Rb8 51. Ne5 1/2-1/2

[Event "Online Olym Div Top-B"]
[Site "Chess.com INT"]
[Date "2020.08.21"]
[Round "2.4"]
[White "Dauletova, Gulmira"]
[Black "Ratsma, Rosa"]
[Result "1/2-1/2"]
[WhiteElo "2299"]
[BlackElo "2300"]
[PlyCount "188"]
[EventDate "2020.08.21"]
[EventType "team-tourn (rapid)"]
[EventRounds "9"]
[EventCountry "USA"]
[SourceTitle "CBM 198"]
[Source "ChessBase"]
[SourceDate "2020.10.31"]
[SourceVersion "1"]
[SourceVersionDate "2020.10.31"]
[SourceQuality "1"]
[WhiteTeam "Kazakhstan"]
[BlackTeam "Netherlands"]
[WhiteTeamCountry "KAZ"]
[BlackTeamCountry "NED"]

1. e4 e5 2. Nf3 Nc6 3. Bb5 a6 4. Ba4 Nf6 5. 0-0 Be7 6. Re1 b5 7. Bb3 d6 8. c3 0-0 9. h3 Nd7 10. d4 Bf6 11. a3 Bb7 12. Ba2 Nb6 13. d5 Ne7 14. b3 c6 15. c4 cxd5 16. cxd5 Rc8 17. Be3 g6 18. Nbd2 Bg7 19. Nh2 f5 20. f3 h6 21. a4 g5 22. Bb1 Nbxd5 23. exd5 Nxd5 24. Ndf1 Nc3 25. Qd2 d5 26. Bf2 d4 27. Ng3 Qd7 28. axb5 axb5 29. Bd3 Bd5 30. b4 Be6 31. Ra5 Qd6 32. Nh5 Bh8 33. Qb2 Bc4 34. Bf1 e4 35. fxe4 fxe4 36. Ng4 Qg6 37. Ng3 e3 38. Bxc4+ bxc4 39. Nxe3 dxe3 40. Bxe3 Rce8 41. Qd2 Ne4 42. Nxe4 Qxe4 43. Rc5 c3 44. Qa2+ Qe6 45. Qxe6+ Rxe6 46. Rc4 Rfe8 47. Kf2 Kf7 48. b5 Be5 49. b6 Bf4 50. b7 Bxe3+ 51. Rxe3 Rxe3 52. b8Q Re2+ 53. Kf3 R2e3+ 54. Kf2 Re2+ 55. Kf3 Rxb8 56. Kxe2 Rb2+ 57. Kf3 Rc2 58. g4 Rc1 59. Rc6 Kg7 60. Ke2 c2 61. Kd2 Rh1 62. Kxc2 Rxh3 63. Kd2 Rg3 64. Rc4 Kf6 65. Ke2 Ke5 66. Kf2 Ra3 67. Rc6 Kf4 68. Rc4+ Ke5 69. Rc6 Rh3 70. Kg2 Rb3 71. Rxh6 Kf4 72. Rc6 Kxg4 73. Rc2 Kf4 74. Rd2 g4 75. Rc2 Re3 76. Rc4+ Kg5 77. Rc2 Kh4 78. Rb2 Rg3+ 79. Kh2 Rf3 80. Kg2 Rc3 81. Rd2 Kg5 82. Ra2 Kf4 83. Ra4+ Kf5 84. Ra5+ Kf4 85. Ra4+ Kg5 86. Ra5+ Kh4 87. Ra2 Rg3+ 88. Kh2 Rd3 89. Kg2 g3 90. Ra4+ Kg5 91. Rb4 Re3 92. Kh3 Kf5 93. Ra4 Rf3 94. Rb4 Rc3 1/2-1/2

[Event "Online Olym Div Top-B"]
[Site "Chess.com INT"]
[Date "2020.08.21"]
[Round "3.4"]
[White "Ratsma, Rosa"]
[Black "Gara, Ticia"]
[Result "0-1"]
[WhiteElo "2300"]
[BlackElo "2383"]
[PlyCount "86"]
[EventDate "2020.08.21"]
[EventType "team-tourn (rapid)"]
[EventRounds "9"]
[EventCountry "USA"]
[SourceTitle "CBM 198"]
[Source "ChessBase"]
[SourceDate "2020.10.31"]
[SourceVersion "1"]
[SourceVersionDate "2020.10.31"]
[SourceQuality "1"]
[WhiteTeam "Netherlands"]
[BlackTeam "Hungary"]
[WhiteTeamCountry "NED"]
[BlackTeamCountry "HUN"]

1. e4 c5 2. Nf3 d6 3. d4 cxd4 4. Nxd4 Nf6 5. Nc3 Bd7 6. Be3 Nc6 7. f3 e6 8. Qd2 Nxd4 9. Bxd4 Be7 10. 0-0-0 0-0 11. Kb1 a6 12. g4 b5 13. h4 b4 14. Ne2 e5 15. Be3 Be6 16. g5 Nh5 17. f4 Qa5 18. a3 exf4 19. Nxf4 Nxf4 20. Bxf4 Rab8 21. Bh3 Bc4 22. Bf1 Be6 23. Bh3 Qa4 24. Bxe6 fxe6 25. Bxd6 bxa3 26. Bxb8 axb2 27. c4 Rxb8 28. Qd7 Qa1+ 29. Kc2 b1Q+ 30. Rxb1 Qa2+ 31. Kc3 Qa3+ 32. Kc2 Qa2+ 33. Kc3 Bb4+ 34. Rxb4 Qa3+ 35. Kd4 Qxb4 36. Qxe6+ Kh8 37. Ke3 Qc3+ 38. Kf4 Rf8+ 39. Qf5 Rxf5+ 40. exf5 Qxc4+ 41. Kg3 Qd3+ 42. Kg2 Qxf5 43. Rf1 Qg4+ 0-1

[Event "Online Olym Div2 C"]
[Site "Chess.com INT"]
[Date "2020.08.16"]
[Round "8.3"]
[White "Stojkovska, Monika"]
[Black "Ratsma, Rosa"]
[Result "1-0"]
[WhiteElo "2106"]
[BlackElo "2300"]
[PlyCount "157"]
[EventDate "2020.08.14"]
[EventType "team-tourn (rapid)"]
[EventRounds "9"]
[EventCountry "USA"]
[SourceTitle "CBM 198"]
[Source "ChessBase"]
[SourceDate "2020.10.31"]
[SourceVersion "1"]
[SourceVersionDate "2020.10.31"]
[SourceQuality "1"]
[WhiteTeam "Macedonia"]
[BlackTeam "Netherlands"]
[WhiteTeamCountry "MKD"]
[BlackTeamCountry "NED"]

1. e4 e5 2. f3 Nc6 3. Bb5 Nf6 4. Ne2 a6 5. Bxc6 dxc6 6. d4 exd4 7. Qxd4 Be6 8. Bg5 Be7 9. Nbc3 h6 10. Be3 c5 11. Qxd8+ Rxd8 12. Nf4 Bc8 13. Nfd5 Nxd5 14. Nxd5 Bd6 15. 0-0-0 c6 16. Nc3 0-0 17. f4 c4 18. a3 Bc7 19. g3 Ba5 20. Rxd8 Rxd8 21. Nd1 Bg4 22. Nf2 Bf3 23. Rg1 c3 24. b4 Bc7 25. e5 a5 26. Nd1 Re8 27. Nxc3 f6 28. Rf1 Bg4 29. Bd4 fxe5 30. Bxe5 Bxe5 31. fxe5 Rxe5 32. Rf4 Be6 33. Kb2 axb4 34. Rxb4 b5 35. Re4 Rxe4 36. Nxe4 Kf7 37. Kc3 Bd5 38. Nc5 Kf6 39. Kd4 Kf5 40. Nd3 Kg4 41. Nb4 Bf3 42. Ke3 Bh1 43. Kf2 Be4 44. c3 Kf5 45. Ke3 Bg2 46. Nc2 Ke5 47. Nd4 g6 48. Kf2 Be4 49. Ke3 Bh1 50. Ne2 Be4 51. Nf4 g5 52. Ne2 Kd5 53. Nd4 Bg6 54. Kd2 Bh7 55. Ke3 Bg6 56. Kd2 Kd6 57. Ke3 Kc5 58. h4 Kd6 59. hxg5 hxg5 60. Nf3 g4 61. Nd4 Be8 62. Kf4 Bd7 63. Nf5+ Kd5 64. Ne3+ Kc5 65. Nxg4 Be6 66. Ne3 Kd6 67. g4 c5 68. g5 Bg8 69. Kf5 Kc6 70. g6 Kd7 71. Kf6 Kd6 72. Nf5+ Kd7 73. Ne7 Bb3 74. g7 Kd6 75. Nf5+ Kc6 76. Nh6 b4 77. axb4 cxb4 78. cxb4 Kb5 79. Nf7 1-0

[Event "Online Olym Div2 C"]
[Site "Chess.com INT"]
[Date "2020.08.15"]
[Round "4.3"]
[White "Boshra, Alshaeby"]
[Black "Ratsma, Rosa"]
[Result "1/2-1/2"]
[WhiteElo "2017"]
[BlackElo "2300"]
[PlyCount "78"]
[EventDate "2020.08.14"]
[EventType "team-tourn (rapid)"]
[EventRounds "9"]
[EventCountry "USA"]
[SourceTitle "CBM 198"]
[Source "ChessBase"]
[SourceDate "2020.10.31"]
[SourceVersion "1"]
[SourceVersionDate "2020.10.31"]
[SourceQuality "1"]
[WhiteTeam "Jordan"]
[BlackTeam "Netherlands"]
[WhiteTeamCountry "JOR"]
[BlackTeamCountry "NED"]

1. e4 e5 2. Nf3 Nc6 3. Bb5 a6 4. Ba4 Nf6 5. d3 d6 6. c3 g6 7. Nbd2 Bg7 8. Nf1 0-0 9. h3 b5 10. Bb3 Bb7 11. g4 Na5 12. Bc2 c5 13. Ng3 d5 14. Qe2 c4 15. Bg5 h6 16. Bd2 cxd3 17. Bxd3 dxe4 18. Nxe4 Nc4 19. 0-0-0 Nxd2 20. Rxd2 Nd5 21. Bc2 Qa5 22. Nc5 Nf4 23. Qe3 Bxf3 24. Qxf3 Qxa2 25. Bb3 Qa5 26. Qb7 b4 27. cxb4 Qb5 28. Bxf7+ Kh8 29. Bb3 Ne2+ 30. Kb1 Nd4 31. Qxb5 axb5 32. Bd5 Rad8 33. Be4 Rf6 34. Rhd1 g5 35. Bf5 Ra8 36. Be4 Re8 37. Bf5 Ra8 38. Be4 Re8 39. Bf5 Ra8 1/2-1/2

[Event "Online Olym Div2 C"]
[Site "Chess.com INT"]
[Date "2020.08.14"]
[Round "1.4"]
[White "Janzelj, Lara"]
[Black "Ratsma, Rosa"]
[Result "0-1"]
[WhiteElo "2207"]
[BlackElo "2300"]
[PlyCount "56"]
[EventDate "2020.08.14"]
[EventType "team-tourn (rapid)"]
[EventRounds "9"]
[EventCountry "USA"]
[SourceTitle "CBM 198"]
[Source "ChessBase"]
[SourceDate "2020.10.31"]
[SourceVersion "1"]
[SourceVersionDate "2020.10.31"]
[SourceQuality "1"]
[WhiteTeam "Slovenia"]
[BlackTeam "Netherlands"]
[WhiteTeamCountry "SLO"]
[BlackTeamCountry "NED"]

1. d4 Nf6 2. c4 e6 3. Nf3 d5 4. g3 Be7 5. Bg2 0-0 6. 0-0 dxc4 7. Nc3 Nc6 8. e4 Rb8 9. Be3 a6 10. d5 exd5 11. exd5 Nb4 12. Ne5 Bf5 13. a3 Nc2 14. Rc1 Nxe3 15. fxe3 Bg6 16. Nxc4 Re8 17. b4 Bf8 18. Qd4 Qe7 19. Rce1 Rbd8 20. e4 c5 21. Qe3 cxb4 22. axb4 Qxb4 23. Qd3 Rc8 24. Rc1 Qxc4 25. Qf3 Nxe4 26. Nxe4 Qxc1 27. Rxc1 Rxc1+ 28. Bf1 Bxe4 0-1

[Event "NED-ch rapid (Women) 5th"]
[Site "Amstelveen"]
[Date "2019.12.01"]
[Round "5"]
[White "Muhren, Bianca"]
[Black "Ratsma, Rosa"]
[Result "1-0"]
[WhiteElo "2249"]
[BlackElo "2274"]
[PlyCount "79"]
[EventDate "2019.12.01"]
[EventType "tourn (rapid)"]
[EventRounds "7"]
[EventCountry "NED"]
[SourceTitle "CBM 193 Extra"]
[Source "ChessBase"]
[SourceDate "2020.01.31"]
[SourceVersion "1"]
[SourceVersionDate "2020.01.31"]
[SourceQuality "1"]

1. e4 c5 2. Nf3 d6 3. d4 cxd4 4. Nxd4 Nf6 5. Nc3 a6 6. Be3 e6 7. Be2 Be7 8. 0-0 0-0 9. f4 Qc7 10. a4 b6 11. Bf3 Bb7 12. g4 Nc6 13. g5 Nd7 14. Bg2 Nxd4 15. Bxd4 e5 16. Be3 exf4 17. Bxf4 Qc5+ 18. Kh1 Rac8 19. Rf3 f6 20. Bh3 f5 21. Nd5 Bxd5 22. exd5 Qxc2 23. Qxc2 Rxc2 24. Re1 Ne5 25. Bxe5 dxe5 26. Bxf5 Rxb2 27. Rxe5 Bd6 28. Be6+ Kh8 29. Rxf8+ Bxf8 30. Bc8 Kg8 31. Be6+ Kh8 32. Bc8 Kg8 33. Re6 Rd2 34. Rxb6 Kf7 35. Rxa6 Bc5 36. Rc6 Be3 37. g6+ hxg6 38. a5 Bf4 39. h3 Rh2+ 40. Kg1 1-0

[Event "NED-ch rapid (Women) 5th"]
[Site "Amstelveen"]
[Date "2019.12.01"]
[Round "6"]
[White "Ratsma, Rosa"]
[Black "Lanchava, Tea"]
[Result "1-0"]
[WhiteElo "2274"]
[BlackElo "2236"]
[PlyCount "119"]
[EventDate "2019.12.01"]
[EventType "tourn (rapid)"]
[EventRounds "7"]
[EventCountry "NED"]
[SourceTitle "CBM 193 Extra"]
[Source "ChessBase"]
[SourceDate "2020.01.31"]
[SourceVersion "1"]
[SourceVersionDate "2020.01.31"]
[SourceQuality "1"]

1. e4 c6 2. Nc3 g6 3. d4 Bg7 4. Bc4 b5 5. Bb3 d6 6. f4 b4 7. Nce2 Ba6 8. Nf3 Nf6 9. e5 Nd5 10. 0-0 0-0 11. a3 e6 12. Bxd5 cxd5 13. axb4 Qb6 14. c3 Bb5 15. Be3 Nd7 16. exd6 Qxd6 17. Nd2 Nb6 18. Rf3 f6 19. Nc1 Nd7 20. Ncb3 a6 21. Nc5 Nb6 22. Qe1 e5 23. f5 exd4 24. Bxd4 Bh6 25. Ndb3 Nc4 26. Qf2 Ne5 27. Rh3 Bg5 28. Ne6 Rf7 29. Bc5 Qd7 30. Nbd4 Bd3 31. fxg6 Bxg6 32. Re1 Nd3 33. Rxd3 Bxd3 34. Qg3 Bg6 35. h4 h6 36. hxg5 hxg5 37. Qd6 Qxd6 38. Bxd6 Rd7 39. Bc5 Re8 40. Rf1 Rf7 41. g4 Be4 42. Kf2 Kh7 43. Kg3 Kg6 44. Bb6 Rh8 45. Nc5 Rfh7 46. Nxe4 dxe4 47. Nf5 Rh3+ 48. Kf2 Rh2+ 49. Ke3 R8h3+ 50. Kxe4 Rxb2 51. Bd4 Rg2 52. Ne3 Re2 53. Rxf6+ Kh7 54. Rxa6 Rg3 55. Ra7+ Kg6 56. Kd3 Re1 57. Rg7+ Kh6 58. Re7 Kg6 59. Kd2 Ra1 60. Rg7+ 1-0

[Event "EU-chT (Women) 22nd"]
[Site "Batumi"]
[Date "2019.10.30"]
[Round "6.4"]
[White "Ratsma, Rosa"]
[Black "Donghvani, Nia"]
[Result "1-0"]
[WhiteElo "2283"]
[BlackElo "1903"]
[PlyCount "67"]
[EventDate "2019.10.24"]
[EventType "team-swiss"]
[EventRounds "9"]
[EventCountry "GEO"]
[SourceTitle "CBM 192 Extra"]
[Source "Chessbase"]
[SourceDate "2019.11.06"]
[SourceVersion "1"]
[SourceVersionDate "2019.11.06"]
[SourceQuality "1"]
[WhiteTeam "Netherlands (W)"]
[BlackTeam "Georgia (W) III"]
[WhiteTeamCountry "NED"]
[BlackTeamCountry "GEO"]

1. e4 c5 2. Nf3 d6 3. d4 cxd4 4. Nxd4 Nf6 5. Nc3 g6 6. Be3 Bg7 7. Be2 0-0 8. Qd2 Nc6 9. 0-0-0 Ng4 10. Bxg4 Bxg4 11. f3 Bd7 12. h4 Ne5 13. b3 Rc8 14. Kb1 f6 15. Nce2 Qe8 16. h5 a5 17. hxg6 hxg6 18. Bh6 Nf7 19. Bxg7 Kxg7 20. Nc3 e5 21. Nde2 a4 22. Nd5 axb3 23. Rh7+ Kxh7 24. Nxf6+ Kg7 25. Nxe8+ Rfxe8 26. axb3 Rc6 27. Nc3 Rh8 28. Nd5 Rh2 29. Qf2 Rh6 30. f4 Bg4 31. Rf1 exf4 32. Qxf4 Ne5 33. Qf8+ Kh7 34. Nf6# 1-0

[Event "NED-ch (Women)"]
[Site "Amsterdam"]
[Date "2019.07.07"]
[Round "7"]
[White "Ratsma, Rosa"]
[Black "Van Foreest, Machteld"]
[Result "0-1"]
[WhiteElo "2282"]
[BlackElo "2058"]
[PlyCount "182"]
[EventDate "2019.07.01"]
[EventType "tourn"]
[EventRounds "7"]
[EventCountry "NED"]
[SourceTitle "CBM 191 Extra"]
[Source "ChessBase"]
[SourceDate "2019.09.30"]
[SourceVersion "1"]
[SourceVersionDate "2019.09.30"]
[SourceQuality "1"]

1. e4 e5 2. Nf3 Nc6 3. Bb5 f5 4. d3 fxe4 5. dxe4 Nf6 6. 0-0 d6 7. Bc4 Bg4 8. h3 Bh5 9. Nc3 Qd7 10. Be3 h6 11. b4 g5 12. Nd5 Bg7 13. c3 Nxd5 14. Bxd5 a6 15. Rb1 Bf7 16. Nd2 0-0 17. Qg4 Qxg4 18. Bxf7+ Kxf7 19. hxg4 Rfd8 20. Rfd1 b5 21. Nf1 Ne7 22. Ng3 Rd7 23. Rd3 Rad8 24. Rbd1 Ke8 25. f3 d5 26. Bc5 dxe4 27. Rxd7 Rxd7 28. Rxd7 Kxd7 29. fxe4 Bf8 30. Kf2 Ng6 31. Bxf8 Nxf8 32. Nf5 Ke6 33. Nxh6 Nd7 34. Nf5 Nb6 35. Ne3 c6 36. Ke2 Nc4 37. Nd1 a5 38. bxa5 Nxa5 39. Kd3 Nb7 40. Nb2 Nc5+ 41. Ke3 Na6 42. a3 Nc5 43. c4 Na4 44. Nd1 bxc4 45. Kd2 Nc5 46. Nf2 Na4 47. Kc2 Ke7 48. Nd1 Nc5 49. Kc3 Nxe4+ 50. Kxc4 Kd6 51. Ne3 Nd2+ 52. Kb4 c5+ 53. Kc3 Ne4+ 54. Kd3 Nf6 55. a4 e4+ 56. Kc4 Kc6 57. Kb3 Nd5 58. Nc4 Nb6 59. Ne5+ Kd5 60. Nf7 c4+ 61. Kb4 e3 62. Nxg5 Kd4 63. Nf3+ Kd3 64. Ne5+ Kd4 65. Nf3+ Kd3 66. Ne5+ Ke4 67. Nf3 Kd3 68. Ne5+ Ke4 69. Nf3 Kd3 70. g5 c3 71. Kb3 Nxa4 72. g6 Nc5+ 73. Kb4 Ne6 74. Kb3 e2 75. Ne1+ Kd2 76. Nf3+ Kd3 77. Ne1+ Kd2 78. Nf3+ Kd1 79. Kxc3 Ng5 80. Ne1 Kxe1 81. g7 Ne4+ 82. Kd4 Nf6 83. Ke5 Ng8 84. Ke6 Kf2 85. Kf7 e1Q 86. Kxg8 Qe8+ 87. Kh7 Qh5+ 88. Kg8 Kg3 89. Kf8 Qf5+ 90. Ke7 Qg6 91. Kf8 Qf6+ 0-1

[Event "NED-ch (Women)"]
[Site "Amsterdam"]
[Date "2019.07.05"]
[Round "5"]
[White "Van Weersel, Arlette"]
[Black "Ratsma, Rosa"]
[Result "0-1"]
[WhiteElo "2176"]
[BlackElo "2282"]
[PlyCount "78"]
[EventDate "2019.07.01"]
[EventType "tourn"]
[EventRounds "7"]
[EventCountry "NED"]
[SourceTitle "CBM 191 Extra"]
[Source "ChessBase"]
[SourceDate "2019.09.30"]
[SourceVersion "1"]
[SourceVersionDate "2019.09.30"]
[SourceQuality "1"]

1. e4 c5 2. Nf3 e6 3. c4 Nc6 4. d4 cxd4 5. Nxd4 Nf6 6. Nxc6 bxc6 7. Bd3 d5 8. exd5 cxd5 9. 0-0 Be7 10. cxd5 Nxd5 11. Bb5+ Kf8 12. Nc3 Bb7 13. Nxd5 Bxd5 14. b3 Bf6 15. Ba3+ Kg8 16. Rc1 Qa5 17. Ba4 h5 18. Rc5 Qa6 19. Qc2 Bd4 20. Rc7 Be5 21. Rd7 Bxh2+ 22. Kxh2 Qxf1 23. f3 Rh6 24. Bc5 h4 25. Qf2 Qxf2 26. Bxf2 a6 27. Be3 Rh5 28. Re7 Rc8 29. b4 Bxa2 30. Bc5 Bc4 31. Bd7 Rf8 32. Ba4 Rd8 33. Rc7 Bd3 34. Be7 Rb8 35. Rd7 Bb5 36. Bxb5 Rhxb5 37. Rd4 R8b7 38. Bxh4 Rxb4 39. Rd8+ Kh7 0-1